| 000 | 00356nam a2200157Ia 4500 | ||
|---|---|---|---|
| 008 | 210210b1946 xxu||||| |||| 00| 0 eng d | ||
| 041 | _aeng | ||
| 082 | _a829/1188 | ||
| 100 | _aWADE (H) | ||
| 245 | _aPolicemans lot | ||
| 260 |
_aLondon _bPenguin Books _c1946 |
||
| 650 | _aPolicemans | ||
| 650 | _alot | ||
| 690 | _aEnglish Fiction | ||
| 906 | _a017799 | ||
| 999 |
_c137783 _d137783 |
||